Controlling ako nástroj znižovania nákladov diplomová práca
Saved in:
| Main Author: | |
|---|---|
| Corporate Author: | |
| Other Authors: | |
| Format: | Book |
| Language: | Slovak |
| Published: |
Košice
2009
|
| Tags: |
No Tags, Be the first to tag this record!
|
MARC
| LEADER | 00000nam$a2200000$$$4500 | ||
|---|---|---|---|
| 001 | 0098664 | ||
| 005 | 20240320074911.1 | ||
| 041 | 0 | |a slo | |
| 044 | |a SK | ||
| 245 | 1 | 0 | |a Controlling ako nástroj znižovania nákladov |b diplomová práca |c Veronika Sirilo Körösi ; škol. Branislav Lajoš |
| 264 | 1 | |a Košice |c 2009 | |
| 300 | |a 103 s. | ||
| 100 | 1 | |a Sirilo Körösi, Veronika | |
| 700 | 1 | |a Lajoš, Branislav | |
| 710 | 2 | |a Podnikovohospodárska fakulta EU so sídlom v Košiciach. Katedra účtovníctva a financií | |